00000000nam 2200000za 4500
0019.864817
003CaOODSP
00520221107161640
007cr |||||||||||
008181116s1994    onc     o    f000 0 eng  
040 |aCaOODSP|beng
043 |an-cn---
0861 |aEn40-215/41E-PDF
24500|aHuman health risk assessment for priority substances |h[electronic resource] / |cHealth Canada.
260 |a[Ottawa] : |bHealth Canada, |cc1994.
300 |av, 36 p.
4901 |aPriority substances list assessment report
500 |aIssued also in French under title: L’évaluation du risque à la santé humaine des substances d’intérêt prioritaire.
500 |aAt head of title: Canadian Environmental Protection Act.
500 |aDigitized edition from print [produced by Environment and Climate Change Canada].
504 |aIncludes bibliographical references.
520 |a"The Canadian Environmental Protection Act (CEPA), proclaimed on June 30, 1988, and amended on June 30, 1989, authorizes the Ministers of the Environment and of Health to investigate a wide variety of substances that may be present in the environment and cause adverse effects on the environment or on human health"--Introd.
69207|2gccst|aHealth hazards
69207|2gccst|aEnvironmental impact assessment
7101 |aCanada. |bHealth Canada.
77508|tL’évaluation du risque à la santé humaine des substances d’intérêt prioritaire |w(CaOODSP)9.864820
830#0|aPriority substances list assessment report.|w(CaOODSP)9.504442
85640|qPDF|s214 KB|uhttps://publications.gc.ca/collections/collection_2018/eccc/En40-215-41-eng.pdf